Tableau médailles Paris 2024 - Judo - Statistiques

Statistiques générales
  • Ce quiz a été pris 130 fois
  • Le résultat moyen est 9 sur 15
Statistiques - réponses
Classement Équipe % Correct
2 France
99%
1 Japon
98%
12 Corée du Sud
82%
4 Géorgie
77%
15 Allemagne
73%
8 Italie
71%
5 Brésil
66%
6 Ouzbékistan
55%
7 Kazakhstan
54%
3 Azerbaïdjan
49%
8 Canada
41%
13 Israël
31%
14 Kosovo
26%
8 Croatie
23%
8 Slovénie
20%
Aucun quiz correspondant
Distribution des résultats
% des personnes avec chaque résultat
Percentile par nombre de réponses
Votre historique - résultats
Vous n’avez pas pris ce quiz